000 01347nam a2200265Ia 4500
003 Ost
005 20260507075241.0
008 260507s9999||||xx |||||||||||||| ||und||
020 _a69992499579
040 _cfsecg
041 _aara
082 _a330
100 _aسمحان، حسين محمد
_eمؤلف
245 0 _aالمالية العامة :
_bمن منظور إسلامي /
_c حسين محمد سمحان
260 _aعمان:
_bدار صفاء,
_c2010
300 _a248 صفحة؛
_c24 سم
504 _aمراجع ص.247
520 _aالمالية العامة في النظام الاقتصادي الاسلامي ، الإيرادات العامة في الدولة الإسلامية ، الضرائب و الزكاة في الدولة الاسلامية ، نفقات الدولة الاسلامية ، الموازنة العامة و الرقابة المالية في الدولة الاسلامية ، السياسة المالية و النقدية في النظام المالي الاسلامي .
653 _aالاقتصاد الاسلامي
653 _aالسياسة المالية- الإسلام
653 _aالمالية العامة
700 _aالوادي، محمود حسين
_eمؤلف ثانوي
700 _aخريس، ابراهيم
_eمؤلف ثانوي
942 _cكتاب
999 _c43620
_d43620